| 000 | 00534nam a22001457a 4500 | ||
|---|---|---|---|
| 999 |
_c535749 _d535749 |
||
| 082 | _a621.3 | ||
| 100 | _aTaufeeq Ahmed,Syed | ||
| 245 |
_aADVANCED SIGNAL PROCESSING TECHNIQUES FOR DENOISING/SIGNAL ENHANCEMENT OF EDDY CURRENT NDT DATA / _cSyed Taufeeq Ahmed |
||
| 260 |
_aIslamabad : _bPNEC - NUST, _c2015. |
||
| 300 |
_ai, 57 p. : ill. ; _c30cm. |
||
| 942 |
_2ddc _cTHE |
||
| 650 |
_aElectrical Engineering MS-Thesis. _916073 |
||
| 700 |
_aDr. Tariq Mairaj Rasool Khan. _929828 |
||